Number theory day
שמור ב:
| מחבר ראשי: | |
|---|---|
| פורמט: | ספר |
| שפה: | אנגלית |
| יצא לאור: |
Berlín
Springer-Verlag
1977
|
| סדרה: | Lecture Notes in Mathematics, 626
|
| נושאים: | |
| תגים: |
הוספת תג
אין תגיות, היה/י הראשונ/ה לתייג את הרשומה!
|
MARC
| LEADER | 00000nam a2200000 a 4500 | ||
|---|---|---|---|
| 001 | UCP1649 | ||
| 003 | CL-VaPUC | ||
| 005 | 20230712094024.0 | ||
| 008 | 990416e19770000gw 1 eng d | ||
| 082 | 0 | 4 | |a 512.7 |b NAT |2 21 |
| 100 | 1 | |a Nathanson, Melvin B |e author |9 619412 | |
| 245 | 1 | 0 | |a Number theory day |
| 260 | |a Berlín |b Springer-Verlag |c 1977 | ||
| 300 | |a 241 p | ||
| 490 | 0 | |a Lecture Notes in Mathematics, 626 | |
| 583 | |a last modification |c 19990416 00:00:00 |k Rodrigo Vera | ||
| 650 | 0 | 0 | |a Teoría de números |9 265327 |
| 650 | 0 | 0 | |a Series numéricas |9 423265 |
| 650 | 0 | 0 | |a Curvas |9 315148 |
| 650 | 0 | 7 | |a COMBINATORIA |2 CL-VaPUC |9 392344 |
| 650 | 0 | 7 | |a CONFERENCIAS |2 CL-VaPUC |9 619413 |
| 942 | |c BK | ||
| 945 | |a crobeson |d 19990416 00:00:00 | ||
| 546 | |a En Inglés | ||
| 518 | |p Number theory day, New York, 4 de marzo de 1976 | ||
| 999 | |c 383386 |d 383384 | ||
| 952 | |0 0 |1 0 |4 0 |6 512_700000000000000_NAT_1977 |7 0 |8 A |9 505490 |a BIBMAT |b BIBMAT |d 2020-01-23 |i 1343823 |o 512.7 NAT 1977 |p 1343823 |r 2025-01-07 |w 2020-01-23 |y BK |k MAT | ||